Séries décrites selon le point de vue d'un personnage III - Statistiques

Statistiques générales
  • Ce quiz a été pris 684 fois
  • Le résultat moyen est 4 sur 20
Statistiques - réponses
Hint Réponse % Correct
Moi, mon frère et 98 autres jeunes, on est assez sûr que la Terre est habitable The 100
84%
Je sers des cafés à un groupe de trentenaires qui pensent qu'un de mes canapés est à eux... Friends
76%
Mon frère est un insupportable petit prétentieux mais c'est vrai qu'il est presque aussi doué que moi pour résoudre les enquêtes les plus saugrenues de tous le Royaume Uni Sherlock
50%
Je ne suis pas un personnage de Stranger Things mais j'ai une parka jaune allemande ! Dark
35%
Gunther CentralPerk
33%
Malgré le temps fou que je passe à soigner les indiens, mon brushing et toujours impeccable. Docteur Quinn, femme medecin
30%
Octavia Blake
27%
Je suis l'ainé de la fratrie la plus destructrice des Etats Unis et la vie est injuste. Malcolm
19%
Mycroft Holmes
16%
Francis Unknown
14%
Jonas Kahnwald
9%
J'ai sans aucun doute le CV le plus long du monde. En même temps, j'aurais une situation plus stable si je n'étais pas recherché ! Le cameleon
9%
Michaela Quinn Sully
8%
Jarod
7%
Il n'y a qu'un seul client dans mon hôtel, mais j'y suis vraiment très très attaché Altered Carbon
2%
Depuis qu'il a plu, je suis tellement insupportable / superbe que vous voudriez me tuer, bonne chance ! Misfits
1%
Nathan Young
1%
Poe
1%
Mes journées sont trop remplies pour que j'assomme mes prisonniers, après je serais obligé de les porter 24h Chrono
0%
Jack Bauer
0%
Aucun quiz correspondant
Distribution des résultats
% des personnes avec chaque résultat
Percentile par nombre de réponses
Votre historique - résultats
Vous n’avez pas pris ce quiz